Lumpérica
Збережено в:
| Автор: | |
|---|---|
| Формат: | Книга |
| Мова: | Іспанська |
| Опубліковано: |
Santiago
Planeta
1991
|
| Серія: | Biblioteca del Sur
|
| Предмети: | |
| Теги: |
Додати тег
Немає тегів, Будьте першим, хто поставить тег для цього запису!
|
MARC
| LEADER | 00000nam a2200000 a 4500 | ||
|---|---|---|---|
| 001 | UCZ8907 | ||
| 003 | CL-VaPUC | ||
| 008 | 960126e19910000CL |||||||||||||||||spa|d | ||
| 082 | 0 | 4 | |a Ch863 |b ELT |2 21 |
| 100 | |a Eltit, Diamela |e autora |9 354202 | ||
| 245 | 1 | 0 | |a Lumpérica |
| 300 | |a 208 p | ||
| 942 | |c BK | ||
| 945 | |d 19960126 00:00:00 |a rleighto | ||
| 260 | |a Santiago |b Planeta |c 1991 | ||
| 650 | 0 | |a Novelas chilenas |9 265425 | |
| 583 | |a last modification |c 19960126 00:00:00 |k Rodrigo Vera | ||
| 490 | 0 | |a Biblioteca del Sur | |
| 999 | |c 244599 |d 244597 | ||
| 952 | |0 0 |1 0 |4 0 |6 CH_863_000000000000000_ELT_1991 |7 0 |8 R |9 258710 |a BIBEDU |b BIBEDU |c MCIRC |d 2019-11-19 |i 3172481 |o Ch863 ELT 1991 |p 3172481 |r 2023-01-13 |w 2019-11-19 |y BK_R |k LIT | ||